| 000 | 00426nam a2200169Ia 4500 | ||
|---|---|---|---|
| 003 | LK-CoDNM | ||
| 005 | 20240925112846.0 | ||
| 008 | 010623t1929 xxu||||| |||| 00| 1 eng d | ||
| 040 |
_aLK-CoDNM _dLK-CoDNM _eLK-CoDNM |
||
| 041 | _aeng | ||
| 080 |
_a22 _bD19 |
||
| 100 | _aPieris, P.E. | ||
| 245 | _aThe Dutch Power in Ceylon (1602-1670) | ||
| 260 |
_bC.A.C. press _aColombo _c1929 |
||
| 300 | _b292.xxv., 24 cm | ||
| 942 | _cBK | ||
| 999 |
_c94743 _d94743 |
||